Les Pokémon singes - Statistiques

Statistiques générales
  • Ce quiz a été pris 38 fois
  • Le résultat moyen est 17 sur 25
Statistiques - réponses
Type de quiz Pokémon % Correct
combat Férosinge
94%
combat Colossinge
91%
feu Ouisticram
91%
feu / combat Simiabraz
88%
feu / combat Chimpenfeu
81%
plante Feuillajou
81%
plante Feuiloutan
78%
feu Flamoutan
78%
feu Flamajou
75%
eau Flotajou
75%
eau Flotoutan
75%
normal Capumain
72%
normal Capidextre
69%
plante Ouistempo
66%
plante Gorythmic
59%
plante Badabouin
56%
plante / ténèbres Zarude
56%
combat / spectre Courrousinge
53%
normal / psy Gouroutan
53%
combat Quartermac
53%
normal Monaflèmit
50%
normal Vigoroth
50%
normal Parecool
47%
feu Darumacho
38%
poison / psy Fortusimia
38%
Aucun quiz correspondant
Distribution des résultats
% des personnes avec chaque résultat
Percentile par nombre de réponses
Votre historique - résultats
Vous n’avez pas pris ce quiz